| 000 | 00567nam a2200169Ia 4500 | ||
|---|---|---|---|
| 005 | 20250424120331.0 | ||
| 008 | 250424s9999 xx 000 0 und d | ||
| 022 | _a20068395 | ||
| 050 | _aHD 9502.N55 .N54/ | ||
| 245 | 4 | _aThe Nigerian journal of energy & environmental economics. | |
| 260 | _aAnambra state, Nigeria. | ||
| 260 | _bEternal Press Awka | ||
| 260 | _c2020 | ||
| 300 | _av, 79 p. :ill. ; 29 cm. | ||
| 650 | _aEnergy development--Economic aspects--Nigeria--Periodicals. Energy development--Environmental aspects--Nigeria--Periodicals. | ||
| 942 | _cSR | ||
| 999 |
_c38719 _d38719 |
||